| 000 | 00545nam a2200205Ia 4500 | ||
|---|---|---|---|
| 005 | 20230524112849.0 | ||
| 008 | 131103s9999 xx 000 0 und d | ||
| 040 | _aLoreto College | ||
| 041 | _aEnglish | ||
| 082 |
_a824.7 _bLAM |
||
| 100 | _aLambs,Charles | ||
| 245 |
_aEssays of Elia _cCharles Lamb;introduction by Augustine Birrell |
||
| 260 |
_aLondon _bThe Greenham Pub _c[19 - ?] |
||
| 300 | _aviii,336 p. | ||
| 504 | _aIncludes notes | ||
| 650 | _aEnglish Essays | ||
| 700 | _aBirrell,Augustine | ||
| 850 | _aLCLIB | ||
| 942 | _cBK | ||
| 999 |
_c5177 _d55656 |
||